000 nam a22 7a 4500
999 _c9750
_d9750
008 180207b ||||| |||| 00| 0 eng d
100 _aBhagat, C
_95854
245 _a2 States the story of my massage
260 _aNew Delhi
_bRupa Publication
_c2009